Todos somos fugitivos
Uloženo v:
| Hlavní autor: | |
|---|---|
| Médium: | Kniha |
| Jazyk: | španělština |
| Vydáno: |
Barcelona
G. P
1978
|
| Vydání: | 5a. ed |
| Témata: | |
| Tagy: |
Přidat tag
Žádné tagy, Buďte první, kdo vytvoří štítek k tomuto záznamu!
|
MARC
| LEADER | 00000nam a2200000 a 4500 | ||
|---|---|---|---|
| 001 | UCT6669 | ||
| 003 | CL-VaPUC | ||
| 008 | 970113e19780000SP |||||||||||||||||spa|d | ||
| 082 | 0 | 4 | |a 863 |b GIR |2 21 |
| 100 | |a Gironella, José María |e author |9 376960 | ||
| 245 | 1 | 0 | |a Todos somos fugitivos |
| 250 | |a 5a. ed | ||
| 300 | |a 312 p | ||
| 942 | |c BK | ||
| 945 | |d 19970113 00:00:00 |a rleighto | ||
| 260 | |a Barcelona |b G. P |c 1978 | ||
| 650 | 0 | |a Novelas españolas |9 265052 | |
| 650 | 0 | |a Ensayos españoles |9 313128 | |
| 583 | |a last modification |c 19970113 00:00:00 |k Rodrigo Vera | ||
| 999 | |c 255351 |d 255349 | ||
| 952 | |0 0 |1 0 |4 0 |6 863_000000000000000_GIR_1978 |7 0 |8 A |9 277565 |a BIBEDU |b BIBEDU |d 2019-11-19 |i 3274020 |o 863 GIR 1978 |p 3274020 |r 2019-11-19 |w 2019-11-19 |y BK |k LIT | ||